Infancia, familia y derechos humanos / (Record no. 144768)

MARC details
000 -CABECERA
campo de control de longitud fija 00746nam a2200229 u 4500
005 - FECHA Y HORA DE LA ÚLTIMA TRANSACCIÓN
campo de control 20230923063603.0
008 - ELEMENTOS DE LONGITUD FIJA--INFORMACIÓN GENERAL
campo de control de longitud fija 090928s2005 cl r 000 0 spa d
020 ## - NÚMERO INTERNACIONAL NORMALIZADO PARA LIBROS
Número Internacional Estándar del Libro 9588252105
035 ## - NÚMERO DE CONTROL DEL SISTEMA
Número de control de sistema UPN01000172664
049 ## - COLECCIÓN
Colección CG
050 #4 - SIGNATURA TOPOGRÁFICA DE LA BIBLIOTECA DEL CONGRESO
Número de clasificación KHH480
Número de documento/Ítem A4.4
100 1# - ASIENTO PRINCIPAL--NOMBRE PERSONAL
Nombre de persona Amar Amar, José
245 10 - MENCIÓN DE TÍTULO
Título Infancia, familia y derechos humanos /
Mención de responsabilidad, etc. José Amar Amar, Camilo Madariaga Orozco, Alfonso Macías Ospino.
260 ## - PUBLICACIÓN, DISTRIBUCIÓN, ETC.
Lugar de publicación, distribución, etc. Barranquilla, Col. :
Nombre del editor, distribuidor, etc. Uninorte,
Fecha de publicación, distribución, etc. 2005.
300 ## - DESCRIPCIÓN FÍSICA
Extensión 118 p.
650 #4 - ASIENTO SECUNDARIO DE MATERIA - TERMINO TEMATICO
Término de materia o nombre geográfico como elemento de entrada RELACIONES DE FAMILIA -
Subdivisión geográfica COLOMBIA
9 (RLIN) 9770
650 #4 - ASIENTO SECUNDARIO DE MATERIA - TERMINO TEMATICO
Término de materia o nombre geográfico como elemento de entrada DERECHO FAMILIAR -
Subdivisión geográfica COLOMBIA
9 (RLIN) 12018
650 #2 - ASIENTO SECUNDARIO DE MATERIA - TERMINO TEMATICO
Término de materia o nombre geográfico como elemento de entrada Desarrollo humano
9 (RLIN) 13482
700 1# - ASIENTO SECUNDARIO--NOMBRE DE PERSONAL
Nombre de persona Madariaga Orozco, Camilo,
Término indicativo de función/relación coaut.
700 1# - ASIENTO SECUNDARIO--NOMBRE DE PERSONAL
Nombre de persona Macías Opino, Alonso,
Término indicativo de función/relación coaut.
905 ## - TIPO DE MATERIAL
Tipo de material Libro
Holdings
Estado de retiro Estado de pérdida Fuente del sistema de clasificación o colocación Estado dañado No para préstamo Código de colección Localización permanente Ubicación/localización actual Ubicación en estantería Total de préstamos Clasificación Código de barras Fecha visto por última vez Número de copia Tipo de ítem Koha
    Library of Congress Classification     Colección General Bib. Gregorio Torres Quintero Bib. Gregorio Torres Quintero Planta baja 2 KHH480 A4.4 267952 31/12/2020 1 Libro
    Library of Congress Classification     Colección General Bib. Gregorio Torres Quintero Bib. Gregorio Torres Quintero Planta baja 4 KHH480 A4.4 267951 31/12/2020 1 Libro